000 00542nam a2200193Ia 4500
005 20250326144902.0
008 250326s9999 xx 000 0 und d
020 _a0-8204-7710-9
037 _aTextbook
040 _aFMSL
_beng
_cFMSL
041 _aeng
_2eng
084 _aX:89A P5
_qFMSL
100 _aKouzellis G
_9750264
245 0 _aKnowledge in the new technologies
_cKouzellis G; Pournari M And Others
260 _aNY
_bNY, Peter Lang
_c2005
300 _a212p
942 _cTB
_hX:89A P5
999 _c1305466
_d1305466